Normal view
MARC view
- ASIM ALI
Entry Personal Name
001 - CONTROL NUMBER
- control field: 70202
003 - CONTROL NUMBER IDENTIFIER
- control field: NUST
005 - DATE AND TIME OF LATEST TRANSACTION
- control field: 20210628204410.0
008 - FIXED-LENGTH DATA ELEMENTS
- fixed length control field: 210628|| aca||aabn | a|a d
040 ## - CATALOGING SOURCE
- Original cataloging agency: NUST
- Transcribing agency: NUST
100 ## - HEADING--PERSONAL NAME
- Personal name: ASIM ALI
670 ## - SOURCE DATA FOUND
- Source citation: Work cat.: (NUST): ASIM ALI, TH-SOF-1108-EFFECT OF PROCESSING VARIABLES ON WELD JOINT AND MICRO-STRUCTURAL FORMATION USING GAS TUNGSTEN ARC WELDING (GTAW) , 2001
